LEADER 01036nls 22002893a 450 001 996399449603316 005 20210128120351.0 011 $a0896-6273 011 $e1097-4199 100 $a19971223a19889999 s-- a 101 0 $aeng 102 $aUS 110 0 $aafa 135 $adrnc 200 1 $aNeuron 207 0$a1988- 210 1 $aCambridge, MA$cCell Press$d1988- 326 $aMensile 330 $aLa rivista si è affermato come una delle riviste più influenti e affidabili nel campo delle neuroscienze. Gli editori abbracciano strategie interdisciplinari che integrano approcci biofisici, cellulari, evolutivi e molecolari con un approccio sistemico alle funzioni cognitive sensoriali, motorie e di ordine superiore. Neuron è uno dei principali forum intellettuali dell'intera comunità di neuroscienze. 606 0 $aNeuroscienze$xPeriodici$2BNCF 676 $a612.805 801 $aIT$bcba$gREICAT 912 $a996399449603316 959 $aEJ 969 $aER 996 $aNeuron$9792527 997 $aUNISA LEADER 02341nas 2200769- 450 001 9910154525003321 005 20230518213020.0 011 $a1532-4311 035 $a(DE-599)ZDB2098390-6 035 $a(OCoLC)48882254 035 $a(CKB)954925548305 035 $a(CONSER)--2006233345 035 $a(EXLCZ)99954925548305 100 $a20020128a19729999 s-- a 101 0 $aeng 135 $aurmnu|||||||| 181 $ctxt$2rdacontent 182 $cc$2rdamedia 183 $acr$2rdacarrier 200 10$aImmunological investigations 210 1$aNew York, NY :$cMarcel Dekker,$d1985- 210 1$aPhiladelphia, PA :$cTaylor & Francis, Inc. 215 $a1 online resource 300 $aRefereed/Peer-reviewed 300 $a"A journal of molecular and cellular immunology." 311 $a0882-0139 531 $aIMMUNOL INVEST 531 $aIMMUNOL INV 531 $aIMMUNOL INVESTIG 531 $aIMMUNOL. INVEST 531 0 $aImmunol. invest. 606 $aImmunology$vPeriodicals 606 $aImmunochemistry$vPeriodicals 606 $aCellular immunity$vPeriodicals 606 $aImmunity, Cellular$vperiodicals 606 $aAllergy and Immunology$vperiodicals 606 $aCommunicable Diseases$vperiodicals 606 $aImmunochemistry$vperiodicals 606 $aAllergy and Immunology 606 $aCommunicable Diseases 606 $aImmunochemistry 606 $aImmunity, Cellular 606 $aCellular immunity$2fast$3(OCoLC)fst00850281 606 $aImmunochemistry$2fast$3(OCoLC)fst00967928 606 $aImmunology$2fast$3(OCoLC)fst00968006 608 $aPeriodical. 608 $aPeriodicals.$2fast 608 $aPeriodicals.$2lcgft 615 0$aImmunology 615 0$aImmunochemistry 615 0$aCellular immunity 615 2$aImmunity, Cellular 615 2$aAllergy and Immunology 615 2$aCommunicable Diseases 615 2$aImmunochemistry 615 2$aAllergy and Immunology. 615 2$aCommunicable Diseases. 615 2$aImmunochemistry. 615 2$aImmunity, Cellular. 615 7$aCellular immunity. 615 7$aImmunochemistry. 615 7$aImmunology. 676 $a616.07 906 $aJOURNAL 912 $a9910154525003321 996 $aImmunological investigations$91991660 997 $aUNINA